000 00465cam a2200181ua 4500
020 _c20.00
041 _aeng
_h
082 _a370.1
_bSAI/HU
100 _aSaiyidain, K G .
245 _aHumanist tradition in Indian educational thought /
_cK G Saiyidain.
_hTextual Documents
250 _a1 /
_b.
260 _aMumbai :
_bAsia Publishing House ,
_c1996.
300 _a237 ; .
365 _a20.00
504 _a
942 _cBK
999 _c12218
_d12218